000 00529nam a22001811a 4500
001 6075
003 OSt
005 20260204212039.0
008 060304s1990||||dr ||||||b||||||||||spa||
050 _aRD 972.93053 V522t
100 _aVega, Bernardo
245 _aTrujillo y el control financiero norteamericano / Bernardo Vega
264 _aSanto Domingo : Fundación Cultura Dominicana
300 _a654 p
500 _aIncluye bibliografía
650 _aRepública Dominicana - Historia - Era de TrujilloÌ
942 _2ddc
_cBK
999 _c6075
_d6075